Bezkontaktní spínání
Saved in:
| Main Author | |
|---|---|
| Format | Book |
| Language | Czech |
| Published |
Praha :
SNTL - Nakladatelství technické literatury : Alfa,
1975
|
| Edition | 2., upr. a dopl. vyd. |
| Series | Polovodičová technika
Řada elektrotechnické literatury |
| Subjects | |
| Physical Description | 224 s. : il. ; 21 cm |
| LEADER | 00000cam a2200000 a 4500 | ||
|---|---|---|---|
| 001 | 56143 | ||
| 003 | CZ-ZlUTB | ||
| 005 | 20240829143028.0 | ||
| 007 | ta | ||
| 008 | 970109s1975 xr a e f 001 0 cze | ||
| 015 | |a cnb000469794 | ||
| 035 | |a (OCoLC)42127398 | ||
| 040 | |a ABA001 |b cze |c KLG001 |d ABA001 |d ZLD002 | ||
| 072 | 7 | |a 621.3 |x Elektrotechnika |2 Konspekt |9 19 | |
| 080 | |a 620.2:621.3 |2 MRF | ||
| 080 | |a 621.382 |2 MRF | ||
| 080 | |a 621.3.014/.025 |2 MRF | ||
| 080 | |a (035) |2 MRF | ||
| 100 | 1 | |a Heřman, Josef, |d 1934-2005 |7 jk01040931 |4 aut | |
| 245 | 1 | 0 | |a Bezkontaktní spínání / |c Josef Heřman |
| 250 | |a 2., upr. a dopl. vyd. | ||
| 260 | |a Praha : |b SNTL - Nakladatelství technické literatury : |b Alfa, |c 1975 | ||
| 300 | |a 224 s. : |b il. ; |c 21 cm | ||
| 490 | 1 | |a Polovodičová technika ; |v sv. 5 | |
| 490 | 1 | |a Řada elektrotechnické literatury | |
| 504 | |a Obsahuje bibliografii a rejstřík | ||
| 650 | 0 | 7 | |a elektrotechnické materiály |7 ph114457 |2 czenas |
| 650 | 0 | 7 | |a polovodičové součástky |7 ph115802 |2 czenas |
| 650 | 0 | 7 | |a elektrický proud |7 ph119862 |2 czenas |
| 650 | 0 | 9 | |a electrotechnical materials |2 eczenas |
| 650 | 0 | 9 | |a semiconductor components |2 eczenas |
| 650 | 0 | 9 | |a electric current |2 eczenas |
| 655 | 7 | |a příručky |7 fd133209 |2 czenas | |
| 655 | 9 | |a handbooks, manuals, etc |2 eczenas | |
| 830 | 0 | |a Polovodičová technika | |
| 830 | 0 | |a Řada elektrotechnické literatury | |
| 910 | |a ZLD002 | ||
| 952 | |0 0 |1 0 |4 0 |6 6213HEŘMANJ |7 0 |8 BOOK |9 103004 |a UTBZL |b UTBZL |c 030 |d 2010-05-18 |l 0 |o 621.3/HEŘMAN,J. |p 420010131943 |r 2019-08-26 00:00:00 |v 17.00 |w 2019-08-26 |x N: převod SPUR | 20100831 |y 05 | ||
| 990 | |a SPUR | ||
| 992 | |a BK |b SK |c SPUR | ||
| 998 | |a 000477299 | ||
| 999 | |c 56143 |d 56143 | ||